LEADER 01269nam a2200301 a 4500 001 000000117624 003 CaOOAMICUS 005 20091023180313.0 008 091023s2009 xxk u000 u eng r 020 $a978-0-415-48361-2 040 $aPUL$bita$dReb 100 1 $aBulley, Dan.$0(OLS)http://pul/name/73397 245 10$aEthics as foreign policy :$bBritain, the EU and other /$cDan Bulley. 260 $aLondon and New York :$bRoutledge,$c2009. 300 $ax, 174 p. ;$c24 cm. 490 1 $aInterventions 504 $aBibliografia p. [151]-166. 650 4$aScienza della politica.$0(OLS)http://pul/subject/7138 650 4$aEtica.$0(OLS)http://pul/subject/547 650 4$aRelazioni internazionali.$0(OLS)http://pul/subject/27045 830 0$aInterventions.$0(OLS)http://pul/title/148044 850 $aPUL 852 $aPUL$W1$xSL Filosofia 3$y81$m172. 4 BULDA 1$j134989$qDDC 21$B133960$CPULBib$Z2$F133960 $H111496 $82 941 1 $a9 960 $aScienze politiche$97138 996 $6020$a978-0-415-48361-2$9(OLS)http://pul/number/142167 996 $6245$aEthics as foreign policy :$bBritain, the EU and other$9(OLS)http://pul/title/148043 996 $6260$aLondon and New York :$bRoutledge$9(OLS)http://pul/publisher/75577 LEADER 01290nam a2200313 a 4500 001 000000133556 003 CaOOAMICUS 005 20130412131032.0 008 130412s2012 it u000 u ita r 020 $a978-88-96171-55-4 040 $aPUL$bita 082 04$a322 100 1 $aSerra, Ada.$0(OLS)http://pul/name/86032 245 10$aRelazioni Stato-Chiesa e cultura politica nei paesi a tradizione cattolica: Italia, Spagna e Polonia /$cAda Serra. 260 $aMatera :$bAltrimedia$g2012 300 $a263 p. ;$c21 cm 490 1 $aSaggisti 504 $aBibliografia p. 243-255. 650 4$aChiesa e stato.$0(OLS)http://pul/subject/960 830 0$aSaggisti.$0(OLS)http://pul/title/168808 850 $aPUL 852 $aPUL$W1$xSL Diritto e Scienze Sociali 3$y79$m322 SERAD 1$j153486$qDDC 21$B153059$CPULBib$Z2$F153059 $H122158 $82 941 1 $a9 960 $aStato e Chiesa$9960 996 $6020$a978-88-96171-55-4$9(OLS)http://pul/number/152423 996 $6082$a322$9(OLS)http://pul/classification/512 996 $6245$aRelazioni Stato-Chiesa e cultura politica nei paesi a tradizione cattolica: Italia, Spagna e Polonia$9(OLS)http://pul/title/168809 996 $6260$aMatera :$bAltrimedia$9(OLS)http://pul/publisher/82330